| 000 | 01522nam a22003617a 4500 | ||
|---|---|---|---|
| 003 | CHAP | ||
| 005 | 20220817044453.0 | ||
| 008 | 110815s2011 mx r 00010 spa d | ||
| 010 | _a101828 | ||
| 011 | _a102800 | ||
| 035 | _a113489 | ||
| 040 | _cCHAP | ||
| 090 | _aTesis | ||
| 100 | 1 |
_aTrujillo Ubaldo, Elizabeth _9115422 |
|
| 245 | 1 | 0 |
_aFactores socioeconómicos que impulsan o restringen la permanencia de los productores en su negocio: _h[En línea] _bcaso de Baja California _c/por Elizabeth Trujillo Ubaldo |
| 260 |
_aChapingo, Méx. : _bEl autor, _c2011 |
||
| 500 | _aPara ver el contenido del material haga clic en la liga | ||
| 502 | _aTesis (M.C. en Económia Agrícola y de los Recursos Naturales) -- UACH. División de Ciencias Económico- Administrativas | ||
| 590 |
_aALEPH _b10 _c20130110 _lUCH01 _h1541 |
||
| 590 |
_aBATCH-UPD _b10 _c20130110 _lUCH01 _h1029 |
||
| 590 |
_aBATCH-UPD _b10 _c20130410 _lUCH01 _h0632 |
||
| 590 |
_aBATCH-UPD _b10 _c20130914 _lUCH01 _h0523 |
||
| 590 |
_aBATCH-UPD _b10 _c20140324 _lUCH01 _h1527 |
||
| 590 |
_aBATCH-UPD _b10 _c20141002 _lUCH01 _h0850 |
||
| 590 |
_aCONVERSION _b10 _c20130109 _lUCH01 _h1356 |
||
| 650 | 1 | 4 |
_aBaja California _xCondiciones económicas. _99483 |
| 650 | 1 | 4 | _aDesarrollo económico. |
| 856 |
_3Finding aid _uhttp://10.13.5.2/tesis/113489.pdf _zTeclea aqui |
||
| 901 | _aBK | ||
| 942 | _cFOLL | ||
| 949 |
_aTesis _bBC _cTES _d33724002301446 _eTS1 _gDonaciØn _h52600 _i113489 _st |
||
| 949 |
_aTesis _bBC _cTES _d33724002301488 _eTS2 _fc.2 _gDonaciØn _h52601 _i113489 _st |
||
| 999 |
_c101828 _d101828 |
||